000 00326nam a22001337a 4500
008 181016b xxu||||| |||| 00| 0 eng d
020 _a0397547811
041 _aeng
080 _25 ED
_a615.83
100 _a8
101 _aEKZ
245 _aAguide Physical ExaminationAnd History Taking
_cBates.b
942 _2udc
_cBK
999 _c49815
_d49815